Harry Potter Film Series Quiz Stats

 Plays Quiz not verified by Sporcle

Score 0/8 Timer 05:00
0 Plays Today
Year Film % Correct
2002Chamber of Secrets
95.1%
2001Sorcerer's Stone
92.7%
2005Goblet of Fire
90.2%
2009Half-Blood Prince
89.4%
2004Prisoner of Azkaban
88.6%
2010Deathly Hallows - Part 1
88.6%
2011Deathly Hallows - Part 2
88.6%
2007Order of the Phoenix
87.8%

You're not logged in!

Compare scores with friends on all Sporcle quizzes.
OR
Log In

Sporcle TV

Today on Sporcle TV


Watch our educational content, quiz creation guides, and fun videos on Sporcle TV.

Show Comments

Extras

Top Quizzes Today


Score Distribution

Your Account Isn't Verified!

In order to create a playlist on Sporcle, you need to verify the email address you used during registration. Go to your Sporcle Settings to finish the process.

Report this User

Report this user for behavior that violates our Community Guidelines.

Details: